zpět

Detail výsledku týmu

Sport centrum Baťov, Otrokovice

Datum a čas kvízu

34 Celkem bodů Celkový počet nahraných bodů na tomto kvízu bez doplňovacích otázek.
3. Pořadí na kvízu Konečné umístění týmu na tomto kvízu.

Zaznamenané odpovědi

# Otázka Odpověď Body Výsledky
1. Který prezidentský kandidát se... Karel Janeček 1
2. Ve věku 96 let zemřel minulý t... Čína 1
3. Minulý týden byla na seznam ne... vorařství 1
4. Minulý týden jsme se dozvěděli... Popeyes 1
5. Jeden z favoritů mistrovství s... Japonsko 1
6. V tomto tématu se podíváme na... 1D 2A 3C 4B 1
7. V následujících slovech se na... 1A 2C 3D 4B 0
8. Podívejme se teď na místní jmé... C 0
9. V následující větě doplňte spr... U a U 1
10. Na závěr se podíváme na několi... B 1